Artròpodes I: Quelicerats i crustacis - Estadísticas

Estadísticas generales
  • Esta prueba ha sido intentada 83 veces
  • La puntuación promedio es 18 de 19
Estadísticas de respuestas
Número Espècie % Correcto
66 Artemia salina
100%
61 Calappa granulata
100%
67 Dardanus arrosor
100%
69 Eriphia verrucosa
100%
62 Euscorpius balearicus
100%
68 Ilia nucleus
100%
70 Pisa tetraodon
100%
64 Pollicipes pollicipes
100%
65 Scalpellum scalpellum
100%
63 Squilla mantis
100%
73 Anilocra physodes
93%
72 Dromia personata
93%
77 Fam Ixodidae
93%
74 Munida rugosa
93%
76 Orden Pseudoescorpiones
93%
71 Pachygrapsus marmoratus
93%
78 Suborden Laniatores
93%
79 Suborden Palpatores
93%
75 Pycnogonida
86%
No se encontraron pruebas coincidentes
Distribución de puntuación
Porcentaje de gente con cada puntuación
Porcentaje por número respondido
Historial de tus puntuaciones
No has intentado esta prueba.